Responses for show #6034 - Thursday, December 2, 2010

Contestants

Francesca Huemer Kelly, a singer and editor from Bethesda, Maryland

Kate Reilly, a white-collar criminal defense attorney from Ridgewood, New Jersey

Ariel Schneider, a biology student from West Lafayette, Indiana (whose 1-day cash winnings total $24,900)

Jeopardy! Round responses

CHRISTIAN DENOMINATIONS IN THE U.S.
CELEBRITIES' KIDS' NAMES
FASHION TRENDS
ASSORTED FLOWERS
"LAX"
INTERNATIONAL AIRPORT
    $200 2
Roman Catholic

Francesca
    $200 5
Superman

Francesca
    $200 1
the haircut

Francesca
    $200 13
the iris

Kate
    $200 25
to relax

Kate
    $200 19
Paris

Francesca
    $400 3
the Baptist religion

Francesca
    $400 8
Ashlee Simpson

Kate
    $400 6
a miniskirt

Francesca
    $400 15
(Alex: Young boys would know about this--[*].)

the Daisy air rifle

Triple Stumper
    $400 26
flaxen

Francesca
    $400 20
London

Ariel
    $600 4
the Methodists

Ariel
    $600 9
Will Smith

Kate
    $600 7
the Nehru jacket

Kate
    $1,000 16
Carnation

Ariel
    $600 27
gravlax

Francesca
    $600 21
(Alex: You're not gamblers. That's the airport that serves [*].)

Las Vegas

Triple Stumper
    $800 24
the Mormons

Triple Stumper
    $800 10
(Francesca: Who--who is M--dweezil?)
(Kate: What is Valley?)

Moon Unit

KateFrancesca
Triple Stumper
    $800 12
go-go boots

Francesca
    $800 17
birds-of-paradise

Ariel
    $800 28
The Parallax View

Triple Stumper
    $800 22
[Kate's response of Jerusalem was ruled incorrect and the ruling was reversed at the start of the DJ! round.]

Jerusalem or Tel Aviv

KateFrancesca
    $1000 30
Lutheran

Francesca
    $1000 11
Bruce Willis and Demi Moore

Ariel
    $1000 14
crocs

Ariel
    $1000 18
the petunia

Triple Stumper
    $1000 29
a klaxon

Kate
    $1000 23
Montreal

Ariel

Scores at the first commercial break (after clue 15):

Ariel Kate Francesca
$2,600 $1,000 $1,400

Scores at the end of the Jeopardy! Round:

Ariel Kate Francesca
$5,800 $3,000 $4,400

Double Jeopardy! Round responses

STARS & CONSTELLATIONS
YOU KNOW THAT SONG
THE OLD WEST
TOP CHEF
FRIEZE!
OH "PH"
    $400 14
Sirius

Francesca
    $400 8
"Jumpin' Jack Flash"

Francesca
    $400 6
red and blue

Ariel
    $400 16
Wolfgang Puck

Kate
    $400 26
Russia

Francesca
    $400 1
the phonograph

Ariel
    $1,000 21
the Big Dipper

Kate
    $800 9
(Alex: James Bond--[*].)

"Live And Let Die"

Triple Stumper
    $800 7
a saloon

Francesca
    $800 17
Gordon Ramsay

Kate
    $800 28
[The end-of-round signal sounds.]

Trajan

Francesca
    $800 2
(Kate: What is a physician?)

a pharmacist

ArielKate
    $1200 22
Hydra

Triple Stumper
    $1200 10
"I Love Rock 'N Roll"

Ariel
    $2,000 11
the O.K. Corral shoot-out (the gunfight at the O.K. Corral)

Ariel
    $1200 18
(Alex: Bam! Who is--who is [*]?)

Emeril Lagasse

Triple Stumper
    $1200 3
a pheasant

Kate
    $1600 23
(Kate: What is the Southern Cross?)

the Northern Cross

Kate
Triple Stumper
    $1600 15
"Wild Thing"

Triple Stumper
    $1600 12
(Alex: It was Ben, not [*].)

Butch Cassidy

Triple Stumper
    $1600 19
Jamie Oliver

Francesca
    $1600 4
(Kate: Uh, what is a pha-lek?)
(Francesa: What is a pha-lanch?)

a phalanx

ArielKateFrancesca
    $2000 24
Betelgeuse

Ariel
    $2000 25
"1234"

Ariel
    $2000 13
the Dalton brothers

Triple Stumper
    $2000 20
Bobby Flay

Kate
    $2000 27
the winds

Ariel
    $2000 5
(Kate: Who is Phoebe?)

Phaedra

Kate
Triple Stumper

Scores at the end of the Double Jeopardy! Round:

Ariel Kate Francesca
$18,200 $2,400 $7,200
(lock game)

[wagering suggestions for these scores]

Final Jeopardy! Round responses

BRITISH WOMEN
KateWho was Agatha Christie?
$2,399
FrancescaWho is Agatha Christie?
$2,000
ArielWho was Agatha Christie?
$3,200
Agatha Christie

Final scores:

Ariel Kate Francesca
$21,400 $4,799 $9,200
2-day champion: $46,300 3rd place: $1,000 2nd place: $2,000

Game dynamics:

Coryat scores:

Ariel Kate Francesca
$17,000 $2,200 $7,200
16 R
(including 2 DDs),
0 W
12 R
(including 1 DD),
5 W
17 R,
2 W

Combined Coryat: $26,400

The J! Archive is created by fans, for fans. The Jeopardy! game show and all elements thereof, including but not limited to copyright and trademark thereto, are the property of Jeopardy Productions, Inc. and are protected under law. This website is not affiliated with, sponsored by, or operated by Jeopardy Productions, Inc. Join the discussion at JBoard.tv.